| 000 -LEADER |
| fixed length control field |
01842cam a2200193 i 4500 |
| 020 ## - INTERNATIONAL STANDARD BOOK NUMBER |
| ISBN |
9789251086568 |
| 020 ## - INTERNATIONAL STANDARD BOOK NUMBER |
| ISBN |
9251086567 |
| 040 ## - CATALOGING SOURCE |
| Transcribing agency |
BTCTA |
| 082 04 - DEWEY DECIMAL CLASSIFICATION NUMBER |
| Classification number |
333 VAN 2015 A068 Or. |
| 100 1# - MAIN ENTRY--AUTHOR NAME |
| Personal name |
Van Nguyen, Minh, |
| 245 10 - TITLE STATEMENT |
| Title |
Uses of geothermal energy in food and agriculture : |
| Remainder of title |
opportunities for developing countries / |
| 300 ## - PHYSICAL DESCRIPTION |
| Number of Pages |
x, 52 pages : |
| Other physical details |
illustrations (chiefly color), color maps ; |
| Dimensions |
25 cm |
| 520 ## - SUMMARY, ETC. |
| Summary, etc |
"Agriculture and agro-industry are important sectors in the economies of most developing countries, where they provide the main source of livelihoods for the majority of the poor. The lack of a sustainable supply of affordable energy is a major constraint to the development of these sectors in developing countries. Traditionally, geothermal energy has been utilized mainly to generate electricity; however, it can be harnessed for other important uses in agriculture and agro-industry. Developing countries endowed with this renewable energy source have ample potential to use it in advancing their agriculture and agro-industry sectors. This book reviews the use of geothermal energy in agriculture and agro-industry around the world. With a simple format and copious illustrations and models, the book is accessible to a wide range of interested readers, including those with no technical background. It shows that geothermal resources have the potential to provide long-term, secure energy for the agriculture and food industry in both developed and developing countries. Constraints and challenges that should be addressed before this potential can be fully achieved are also discussed."--Publisher's description. |
| 650 #0 - SUBJECT ADDED ENTRY--TOPICAL TERM |
| Topical Term |
Agriculture and energy |
| 650 #0 - SUBJECT ADDED ENTRY--TOPICAL TERM |
| Topical Term |
Geothermal resources |
| 650 #0 - SUBJECT ADDED ENTRY--TOPICAL TERM |
| Topical Term |
Agricultural industries |
| 710 2# - ADDED ENTRY--CORPORATE NAME |
| Corporate name or jurisdiction name as entry element |
Food and Agriculture Organization of the United Nations, |
| 942 ## - ADDED ENTRY ELEMENTS (KOHA) |
| Koha item type |
សៀវភៅភាសាអង់គ្លេស |
| 952 ## - LOCATION AND ITEM INFORMATION (KOHA) |
| Withdrawn status [LOCAL, KOHA] |
0 |